| 000 | 01231nab a2200253 a 4500 | ||
|---|---|---|---|
| 005 | 20210219162532.0 | ||
| 008 | 991125s1985 mx 000 0 spa u | ||
| 035 | _aUPN01000205980 | ||
| 049 | _aART | ||
| 100 | 1 | _aGorría Corres, Carlos | |
| 100 | 1 | _ucarlos.gorria@ehu.es | |
| 222 | 0 | _aUNO : REVISTA DE DIDACTICA DE LAS MATEMATICAS | |
| 245 | 0 | 0 | _aFórmulas matemáticas en el entrenamiento de la resistencia |
| 260 | _aBarcelona, España | ||
| 300 | _a37-43 | ||
| 362 | 0 | _a2013 Año 19, número 64, octubre | |
| 520 | _aEl rendimiento físico del deportista de fondo está directamente relacionado con su resistencia y su capacidad de reabsorción del ácido láctico segregado ante esfuerzos intensos. Este se puede optimizar estudiando el régimen de pulsaciones adecuado para la morfología de cada atleta. Actualmente, el uso del pulsómetro en entrenamientos y el uso de técnicas matemáticas para interpretar los datos de los tests de esfuerzo son herramientas imprescindibles para conocer las posibilidades y los límites del cuerpo | ||
| 653 | 0 | _aRESISTENCIA FISICA | |
| 653 | 0 | _aPULSOMETRO | |
| 653 | 0 | _aTECNICAS MATEMATICAS | |
| 653 | 0 | _aATLETAS | |
| 653 | 0 | _aDEPORTES DE FONDO | |
| 905 | _aArticulo | ||
| 999 |
_c178081 _d178081 |
||